Crime and punishment / (Record no. 3306)

MARC details
000 -LEADER
fixed length control field 01057nam a22002297a 4500
001 - CONTROL NUMBER
control field 3306
003 - CONTROL NUMBER IDENTIFIER
control field FISKH
005 - DATE AND TIME OF LATEST TRANSACTION
control field 20240228153939.0
008 - FIXED-LENGTH DATA ELEMENTS--GENERAL INFORMATION
fixed length control field 240226b cb ||||| |||| 00| 0 eng d
020 ## - INTERNATIONAL STANDARD BOOK NUMBER
International Standard Book Number 9781785996443
040 ## - CATALOGING SOURCE
Original cataloging agency FISKH
Language of cataloging eng
Transcribing agency FISKH
Modifying agency FISKH
050 ## - LIBRARY OF CONGRESS CALL NUMBER
Classification number PG3326.P7
082 ## - DEWEY DECIMAL CLASSIFICATION NUMBER
Classification number 891.733
100 ## - MAIN ENTRY--PERSONAL NAME
Personal name Dostoyevsky, Fyodor
245 ## - TITLE STATEMENT
Title Crime and punishment /
Statement of responsibility, etc. Fyodor Dostoevsky ; Translated by Constance Garnett
260 ## - PUBLICATION, DISTRIBUTION, ETC.
Place of publication, distribution, etc. London :
Name of publisher, distributor, etc. Arcturus,
Date of publication, distribution, etc. 2018.
300 ## - PHYSICAL DESCRIPTION
Extent 442 pages :
Dimensions 20 cm
520 ## - SUMMARY, ETC.
Summary, etc. A mesmerizing detective story with an intriguing and multifarious central character, Crime and Punishment hinges on the ethical dilemmas and angst of the student Rodion Romanovich Raskolnikov who plans and implements the murder of a ruthless pawnbroker. Rodion convinces himself that in killing her he will both solves his financial problems and divests the world of a wicked leech. But can he commit a murder and escape all consequences?
650 ## - SUBJECT ADDED ENTRY--TOPICAL TERM
Topical term or geographic name entry element Novel
Form subdivision Fiction
Chronological subdivision Russian literature
942 ## - ADDED ENTRY ELEMENTS (KOHA)
Source of classification or shelving scheme Dewey Decimal Classification
Koha item type Books
Suppress in OPAC No
Holdings
Withdrawn status Lost status Source of classification or shelving scheme Damaged status Not for loan Collection Home library Current library Shelving location Date acquired Total Checkouts Full call number Barcode Date last seen Price effective from Koha item type
    Dewey Decimal Classification     Fiction Footprints International School Library Network Toul Kork Campus Footprints International School Library Network Toul Kork Campus   02/26/2024   DOS Fic PG3326.P7 FISSE03183 02/26/2024 02/26/2024 Books